<?xml version="1.0" encoding="UTF-8"?>
<record
    xmlns:xsi="http://www.w3.org/2001/XMLSchema-instance"
    xsi:schemaLocation="http://www.loc.gov/MARC21/slim http://www.loc.gov/standards/marcxml/schema/MARC21slim.xsd"
    xmlns="http://www.loc.gov/MARC21/slim">

  <leader>00461nam a22001457a 4500</leader>
  <controlfield tag="005">20251204114527.0</controlfield>
  <datafield tag="020" ind1=" " ind2=" ">
    <subfield code="a">9789812819277</subfield>
  </datafield>
  <datafield tag="100" ind1=" " ind2=" ">
    <subfield code="a">Ivancevic, Vladimir G. </subfield>
    <subfield code="9">5935</subfield>
  </datafield>
  <datafield tag="245" ind1=" " ind2=" ">
    <subfield code="a">Quantum leap: </subfield>
    <subfield code="b">from Dirac and Feynman, across the universe, to human body and mind</subfield>
  </datafield>
  <datafield tag="260" ind1=" " ind2=" ">
    <subfield code="a">Singapore:</subfield>
    <subfield code="b">World Scientific,</subfield>
    <subfield code="c">2008.</subfield>
  </datafield>
  <datafield tag="300" ind1=" " ind2=" ">
    <subfield code="a">xvi,839p.</subfield>
  </datafield>
  <datafield tag="650" ind1=" " ind2=" ">
    <subfield code="a">Constitution and properties of matter</subfield>
  </datafield>
  <datafield tag="700" ind1=" " ind2=" ">
    <subfield code="a">Ivancevic, Tijana T</subfield>
    <subfield code="9">5936</subfield>
  </datafield>
  <datafield tag="942" ind1=" " ind2=" ">
    <subfield code="2">ddc</subfield>
    <subfield code="c">BK</subfield>
  </datafield>
  <datafield tag="999" ind1=" " ind2=" ">
    <subfield code="c">754056</subfield>
    <subfield code="d">754056</subfield>
  </datafield>
  <datafield tag="952" ind1=" " ind2=" ">
    <subfield code="0">0</subfield>
    <subfield code="1">0</subfield>
    <subfield code="2">ddc</subfield>
    <subfield code="4">0</subfield>
    <subfield code="7">0</subfield>
    <subfield code="8">NFIC</subfield>
    <subfield code="a">PHY</subfield>
    <subfield code="b">PHY</subfield>
    <subfield code="c">GEN</subfield>
    <subfield code="d">2025-12-04</subfield>
    <subfield code="e">SBS-T/102 dt 10/12/2024</subfield>
    <subfield code="g">26133.80</subfield>
    <subfield code="l">0</subfield>
    <subfield code="o">530.1 IVA-Q</subfield>
    <subfield code="p">PHY9019</subfield>
    <subfield code="r">2025-12-04 06:16:37</subfield>
    <subfield code="w">2025-12-04</subfield>
    <subfield code="y">BK</subfield>
  </datafield>
</record>
